Código procesal civil y comercial de la provincia de Buenos Aires /

Guardado en:
Formato: Libro
Idioma:Undetermined
Publicado: Ciudad Autónoma de Buenos Aires : Erreius, 2025.
Edición:1a. ed.
Materias:
Etiquetas: Agregar Etiqueta
Sin Etiquetas, Sea el primero en etiquetar este registro!
LEADER 00705nam a22001935a 4500
001 DER.der015281
008 250826s2025####xx############000#0#und#d
005 20250918151326.0
245 1 0 |a Código procesal civil y comercial de la provincia de Buenos Aires /  |c Buenos Aires. 
250 |a 1a. ed. 
260 |a Ciudad Autónoma de Buenos Aires :  |b Erreius,  |c 2025. 
300 |a 488 p. 
500 |a Con legislación complementaria actualizada. 
020 |a 9789877935653 
240 1 0 |a Buenos Aires - Códigos 
650 7 |a DERECHO PROCESAL CIVIL 
859 |a DERECHO  |b BIB. DERECHO  |h 347.05  |i BUE  |p 0010644 
859 |a DERECHO  |b BIB. DERECHO  |h 347.05  |i BUE  |p 0010645  |t 1 
859 |a DERECHO  |b BIB. DERECHO  |h 347.05  |i BUE  |p 0010646  |t 2